[Event "Ambes op 3rd"]
[Site "Ambes"]
[Date "2010.05.01"]
[Round "8"]
[White "Hui Bon Hoa, Edmond"]
[Black "Fantinel, Thibault"]
[Result "0-1"]
[WhiteElo "1792"]
[BlackElo "2187"]
[PlyCount "100"]
[EventDate "2010.04.24"]
[EventType "swiss"]
[EventRounds "9"]
[EventCountry "FRA"]
[SourceTitle "EXT 2011"]
[Source "ChessBase"]
[SourceDate "2010.11.26"]
[SourceVersion "1"]
[SourceVersionDate "2010.11.26"]
[SourceQuality "1"]

1. e4 c5 2. Nf3 g6 3. Bc4 Bg7 4. c3 e6 5. d3 Ne7 6. Bb3 Nbc6 7. Be3 b6 8. Qd2 0-0 9. Bh6 d5 10. Bxg7 Kxg7 11. 0-0 Qc7 12. Na3 a6 13. Rfe1 dxe4 14. Rxe4 Bb7 15. Qf4 Qxf4 16. Rxf4 Rad8 17. Bc2 e5 18. Re4 f6 19. Rd1 h6 20. h3 b5 21. Re3 Rfe8 22. Bb1 Nd5 23. Ree1 Nc7 24. Nc2 f5 25. b4 cxb4 26. Nxb4 Nxb4 27. cxb4 Bxf3 28. gxf3 Nd5 29. Rc1 Nxb4 30. Rc7+ Kf6 31. Rec1 Re6 32. a3 Nxd3 33. Bxd3 Rxd3 34. Ra7 Rxf3 35. Kg2 Rxa3 36. Rcc7 e4 37. h4 h5 38. Rf7+ Ke5 39. Rfc7 Ra2 40. Rc5+ Kf4 41. Rxb5 Rxf2+ 42. Kxf2 axb5 43. Ra1 b4 44. Ke2 b3 45. Rb1 Rb6 46. Kf2 b2 47. Ke2 Kg4 48. Ke3 Rb4 49. Kd2 f4 50. Kc3 Rb6 0-1

[Event "Ambes op 3rd"]
[Site "Ambes"]
[Date "2010.04.30"]
[Round "7"]
[White "Masset, Jacques"]
[Black "Hui Bon Hoa, Edmond"]
[Result "1-0"]
[WhiteElo "1963"]
[BlackElo "1792"]
[PlyCount "92"]
[EventDate "2010.04.24"]
[EventType "swiss"]
[EventRounds "9"]
[EventCountry "FRA"]
[SourceTitle "EXT 2011"]
[Source "ChessBase"]
[SourceDate "2010.11.26"]
[SourceVersion "1"]
[SourceVersionDate "2010.11.26"]
[SourceQuality "1"]

1. d4 Nf6 2. c4 g6 3. Nc3 Bg7 4. e4 d6 5. f4 0-0 6. Nf3 c5 7. d5 Na6 8. Bd3 Nb4 9. Bb1 Bg4 10. 0-0 Na6 11. Re1 Nd7 12. h3 Bxf3 13. Qxf3 Rb8 14. Bd2 Nc7 15. Bd3 a6 16. a4 e5 17. f5 Qf6 18. g4 g5 19. h4 h6 20. hxg5 hxg5 21. Re2 Bh6 22. Rh2 Kg7 23. Rf1 Rh8 24. Rff2 Rh7 25. Rh5 Rbh8 26. Rfh2 Nf8 27. Qd1 Qd8 28. Qb3 Qb8 29. Bxg5 Bxg5 30. Rxg5+ Kf6 31. Rgh5 Rxh5 32. Rxh5 Rxh5 33. gxh5 Nd7 34. Ne2 b6 35. Ng3 Qg8 36. Kf2 Qg5 37. Be2 Ne8 38. a5 Qf4+ 39. Kg2 bxa5 40. Qa4 Ke7 41. Qxa5 Nef6 42. Bf3 Ng4 43. Bxg4 Qc1 44. Qxa6 Nf6 45. Qa7+ Kf8 46. Qb8+ Kg7 1-0